| 000 | 00818nam a2200217 i 4500 | ||
|---|---|---|---|
| 001 | 143899 | ||
| 003 | ES-MaACL | ||
| 005 | 20250716062535.0 | ||
| 007 | t| | ||
| 008 | 070214s1929 fr r ||||1| fre d | ||
| 100 | 1 |
_aShakespeare, William, _d1564-1616 _9105992 |
|
| 245 | 1 | 3 |
_aLa tragedie de roi Richard III / _c[par Shakespeare] ; traduction de Joseph Delcourt [et texte anglais d'après l'ancienne édition `Cambridge`]. |
| 260 |
_aParis : _bLes Belles Lettres, _c1929 ( _eAnvers [Bélgica] : _fFlor Burton) |
||
| 300 |
_aXXIII, 273 p. ; _c15 cm. |
||
| 490 | 1 | _aCol. Shakespeare, texte et traduction | |
| 500 | _aTexto bilingüe en francés e inglés. | ||
| 700 | 1 |
_aDelcourt, Joseph. _943358 |
|
| 830 | 0 |
_aCol. Shakespeare, texte et traduction _9187295 |
|
| 852 |
_aES-MaACL _jA-2577 |
||
| 999 |
_c143899 _d143899 |
||